Mastering the tools of QC : Learning through diagrams and illustration

Bibliographic Details
Main Authors: Hajime, Karatsu (Author), Toyoki, Ikeda (Author)
Format: Book
Language:English
Published: Singapore : PHP International c 1987
Subjects:

MARC

LEADER 00000cam a2200000 7i4500
001 0000004505
005 20240930.0
008 991220 si a eng
040 |a INS   |b eng   |e rda 
090 0 0 |a LB2331   |b .H154 1987 
100 1 |a Hajime, Karatsu ,   |e author 
245 1 0 |a Mastering the tools of QC :   |b Learning through diagrams and illustration   |c by Hajime Karatsu and Toyoki Ikeda 
264 1 |a Singapore :   |b PHP International   |c c 1987 
300 |a 243 pages :   |b illustrations ;   |c 21 cm. 
336 |a text  |2 rdacontent 
337 |a unmediated  |2 rdamedia 
338 |a volume  |2 rdacarrier 
650 0 |a Quality circles 
700 1 |a Toyoki, Ikeda ,   |e author 
999 |a 0000003074   |b BOOK   |c Open Shelf   |e Default branch